Star Wars Order 66 Survivors - Sudden Death - Statistics

General Stats
  • This quiz has been taken 390 times
    23 since last reset
  • The average score is 4 of 15
Answers on the Grid
Answers color-coded by a green-red scale on the quiz's grid according to % correct below.
Aayla Secura
Ahsoka Tano
Barriss Offee
Baylan Skoll
Cal Kestis
Count Dooku
Eeth Koth
Ezra Bridger
Grand Inquisitor
Grogu
Gungi
Kanan Jarrus
Kelleran Beq
Ki-Adi-Mundi
Kit Fisto
Mace Windu
Maul
Obi-Wan Kenobi
Plo Koon
Qui-Gon Jinn
Quinlan Vos
Reva Sevander
Shaak Ti
Yoda
 
Answer Stats
Answer % Correct
Ahsoka Tano
73%
Barriss Offee
60%
Cal Kestis
53%
Obi-Wan Kenobi
40%
Grand Inquisitor
33%
Yoda
33%
Baylan Skoll
27%
Grogu
27%
Maul
27%
Eeth Koth
13%
Kanan Jarrus
13%
Reva Sevander
13%
Gungi
7%
Kelleran Beq
7%
Quinlan Vos
7%
No matching quizzes found
Score Distribution
Percent of People with Each Score
Percentile by Number Answered
Your Score History
You have not taken this quiz since the last reset